000
00304nam a2200109Ia 4500
008
171211s9999 xx 000 0 und d
245
_a
You Can Be Beautiful Beyond Breast Cancer
245
_c
Leslie Spencer
260
_c
2012
650
_x
FITNESS
856
_u
http://down.ebook777.com/063/1841263567.pdf
999
_c
349031
_d
349031